<?xml version="1.0" encoding="utf-8"?>
<?xml-stylesheet type='text/xsl' href='./oai2.xsl'?>
<OAI-PMH xmlns="http://www.openarchives.org/OAI/2.0/" xmlns:xsi="http://www.w3.org/2001/XMLSchema-instance" xsi:schemaLocation="http://www.openarchives.org/OAI/2.0/ http://www.openarchives.org/OAI/2.0/OAI-PMH.xsd">
  <responseDate>2026-05-16T22:39:31Z</responseDate>
  <request verb="GetRecord" metadataPrefix="marcxml" identifier="record_kuniweb_165266">https://kulturerbe.niedersachsen.de/oai</request>
  <GetRecord>
    <record>
      <header>
        <identifier>record_kuniweb_165266</identifier>
        <datestamp>2025-08-28T09:38:22Z</datestamp>
        <setSpec>slg0137</setSpec>
      </header>
      <metadata>
        <marc:record xmlns:marc="http://www.loc.gov/MARC21/slim" xsi:schemaLocation="http://www.loc.gov/MARC21/slim http://www.loc.gov/standards/marcxml/schema/MARC21slim.xsd">
          <marc:leader>12345nkm  22     uu 4500</marc:leader>
          <marc:controlfield tag="001">165266</marc:controlfield>
          <marc:controlfield tag="003">http://kuniweb.gbv.de</marc:controlfield>
          <marc:controlfield tag="005">2018-03-24T11:25:22</marc:controlfield>
          <marc:controlfield tag="008">|           ||||||||||||||||||||||</marc:controlfield>
          <marc:datafield tag="245" ind1="1" ind2="0">
            <marc:subfield code="a">Liegende Getreide-, Spitz- und Bürstmaschine mit Mantel und Ventilation, 1905</marc:subfield>
          </marc:datafield>
          <marc:datafield tag="655" ind1=" " ind2="7">
            <marc:subfield code="a">Grafik</marc:subfield>
          </marc:datafield>
          <marc:datafield tag="046" ind1=" " ind2=" ">
            <marc:subfield code="k">1905-02-15</marc:subfield>
            <marc:subfield code="k">15.02.1905</marc:subfield>
          </marc:datafield>
          <marc:datafield tag="260" ind1=" " ind2=" ">
            <marc:subfield code="g">1905-02-15</marc:subfield>
            <marc:subfield code="g">15.02.1905</marc:subfield>
          </marc:datafield>
          <marc:datafield tag="520" ind1=" " ind2=" ">
            <marc:subfield code="a">Zeichnung - schwarz-weiß
Herstellungsort - Königshütte, (Bad) Lauterberg 

Auftraggeber und Standort - keine Angaben

Information:
Zur Inventarnummer sind zwei Zeichnungen vorhanden.

Anmerkung zum Objekt:
In einer Spitzmaschine unterwirft man das Getreide ... einem Siebprozeß, entweder indem man dasselbe durch rotierende Cylindersiebe laufen läßt, durch deren Maschen der Abfall (Spitzmehl) hindurchfällt, oder indem man mit der Spitzmaschine einen Aspirator nach Art des Tarars oder nach Art der Schälmaschine verbindet.
siehe:
Getreideschälmaschine | eLexikon | Technologie, Gewerbe und ...
elexikon.ch/getreidesamenzucht

Bürstmaschine:
Nach der Bearbeitung des Getreides auf Schälmaschinen verbleiben auf der Korn-Oberfläche viele angerissene Teilchen der Schale, des Keimlings und eine bedeutende Menge Staub, insbesondere organischer Staub.

Um diese Verunreinigungen zu beseitigen, läuft das Getreide in die Bürstmaschine. Diese enthält umlaufende Scheiben, Zylinder, Kegel oder auch Flügelleisten, die mit Bürsten besetzt sind. Die Gegenflächen werden entweder ebenfalls mit Bürsten besetzt oder aus Schlitzblech, Drahtgewebe oder dergl. gebildet.

Das Getreide fällt in einen Spalt zwischen dem sich drehenden Bürstenrotor und dem starren Bürstenteil. Dadurch wird das Getreide einer intensiven Reinigung unterzogen. Seine Oberfläche wird glatt und poliert.
Quelle:
Bürstmaschine
www.muehle-heiligenrode.de/mbuerst.htm





 (Förderkreis Königshütte Bad Lauterberg e.V.)

Maßstab: 1 zu 5</marc:subfield>
          </marc:datafield>
          <marc:datafield tag="650" ind1="1" ind2=" ">
            <marc:subfield code="a">Müllereitechnologie</marc:subfield>
          </marc:datafield>
          <marc:datafield tag="650" ind1="1" ind2=" ">
            <marc:subfield code="a">Grafik, Fotografie &gt; Zeichnung</marc:subfield>
          </marc:datafield>
          <marc:datafield tag="650" ind1="1" ind2=" ">
            <marc:subfield code="a">Handwerk</marc:subfield>
          </marc:datafield>
          <marc:datafield tag="773" ind1="0" ind2=" ">
            <marc:subfield code="t">Maschinen</marc:subfield>
          </marc:datafield>
          <marc:datafield tag="852" ind1=" " ind2=" ">
            <marc:subfield code="a">Industriedenkmal Königshütte Bad Lauterberg im Harz</marc:subfield>
          </marc:datafield>
          <marc:datafield tag="" ind1=" " ind2=" ">
            <marc:subfield code="a">Namensnennung - Nicht kommerziell - Keine Bearbeitungen 4.0 International (CC BY-NC-ND 4.0)</marc:subfield>
          </marc:datafield>
        </marc:record>
      </metadata>
    </record>
  </GetRecord>
</OAI-PMH>
